000 00539nam a2200205 a 4500
005 20140310183450.0
008 090116s19uu xx 00 eng d
020 _a9781412947961
050 _aHF 5415.2
_b.K59 2008
100 _aKolb, Bonita
245 _aMarketing research :
_ba practical approach. /
260 _aLos Angeles :
_bSage,
_c2008.
300 _a292 p. :
_bill. ;
_c25 cm.
521 _aBSBA
650 _aMarketing.
650 _aMarketing research.
942 _cBK
_2lcc
_kFOR
999 _c23363
_d23363